Conceptos fundamentales de poética

Saved in:
Bibliographic Details
Main Author: Staiger, Emil (Author)
Format: Book
Language:Spanish
Published: Barcelona Rialp 1966
Series:Manuales de la Biblioteca del Pensamiento Actual, 12
Subjects:
Tags: Add Tag
No Tags, Be the first to tag this record!

MARC

LEADER 00000nam a2200000 a 4500
001 UCW8519
003 CL-VaPUC
008 880922e19660000SP |||||||||||||||||spa|d
082 0 4 |a 801.951  |b STA  |2 21 
100 0 |a Staiger, Emil  |e author  |9 313711 
245 1 0 |a Conceptos fundamentales de poética 
300 |a 257 p 
942 |c BK 
945 |d 19880922 00:00:00 
260 |a Barcelona  |b Rialp  |c 1966 
650 0 |a Poesía   |9 265825 
650 0 |a Historia y crítica   |9 257407 
650 0 |a Poética  |9 266624 
583 |a last modification  |c 19880922 00:00:00  |k Rodrigo Vera 
490 0 |a Manuales de la Biblioteca del Pensamiento Actual, 12 
999 |c 220868  |d 220866 
952 |0 0  |1 0  |4 0  |6 801_951000000000000_STA_1966  |7 0  |8 A  |9 213599  |a FDOPOS  |b FDOPOS  |d 2019-11-15  |i 281949K  |o 801.951 STA 1966  |p 281949K  |r 2025-01-22  |w 2019-11-15  |y BK  |k MLH